书目信息 |
| 题名: |
临证偶拾
|
|
| 作者: | 张羹梅 著 ;张天 , 唐荣华 整理 | |
| 分册: | ||
| 出版信息: | 上海 上海科学技术出版社 1979 |
|
| 页数: | 96页 | |
| 开本: | 19cm | |
| 丛书名: | ||
| 单 册: | ||
| 中图分类: | R249.7 | |
| 科图分类: | ||
| 主题词: | 医案 | |
| 电子资源: | ||
| ISBN: | ||
| 000 | 00659nam0 2200241 45 | |
| 001 | 0179008774 | |
| 005 | 20060914094955.67 | |
| 010 | @dCNY0.29 | |
| 091 | @a14119.1378 | |
| 100 | @a19950807d1979 em y0chiy0121 ea | |
| 101 | 0 | @achi |
| 102 | @aCN@b310000 | |
| 105 | @ay z 000yy | |
| 200 | 10 | @a临证偶拾@Alin zheng ou shi@e张羹梅医案@f张羹梅著@g张天,唐荣华整理 |
| 210 | @a上海@c上海科学技术出版社@d1979 | |
| 215 | @a96页@d19cm | |
| 606 | @a医案 | |
| 690 | @aR249.7@v3 | |
| 701 | 0 | @a张羹梅@Azhang geng mei@4著 |
| 702 | 0 | @a张天@Azhang tian@4整理 |
| 702 | 0 | @a唐荣华@Atang rong hua@4整理 |
| 801 | 0 | @aCN@bTSSF@c20060914 |
| 905 | @a10447@dR249.7@e160 | |
| 临证偶拾:张羹梅医案/张羹梅著/张天,唐荣华整理.-上海:上海科学技术出版社,1979 |
| 96页;19cm |
| ISBN :CNY0.29 |
| ● |
| 相关链接 |
|
|
|
|
正题名:临证偶拾
索取号:R249.7/160
 
预约/预借
| 序号 | 登录号 | 条形码 | 馆藏地/架位号 | 状态 | 备注 |
| 1 | 0458372 | 204583726 | 密集书库/ [索取号:R249.7/160] | 在馆 | |
| 2 | 0458703 | 204587036 | 密集书库/ [索取号:R249.7/160] | 在馆 | |
| 3 | 0471671 | 204716717 | 密集书库/ [索取号:R249.7/160] | 在馆 | |
| 4 | 0473313 | 204733137 | 密集书库/ [索取号:R249.7/160] | 在馆 |